| 000 | 00505nam a2200157Ia 4500 | ||
|---|---|---|---|
| 008 | 210210b2004 xxu||||| |||| 00| 0 eng d | ||
| 020 | _a81 269 0329 5 | ||
| 082 | _a801.95 SHRL | ||
| 100 | _aSHRIVASTAVA (R N). | ||
| 245 | _aLiterary criticism in theory and practice. | ||
| 260 |
_aN D _bAtlantic Publishers & distributors _c2004 |
||
| 300 | _aviii,208 | ||
| 650 | _aLiterary Criticism Chicago Critics Humanistic Remedial Aristotelian Bias Pluralism | ||
| 690 | _aLiterary Criticism | ||
| 906 | _a060476 | ||
| 999 |
_c107581 _d107581 |
||